| 000 | 00563nam a2200217Ia 4500 | ||
|---|---|---|---|
| 008 | 160901s9999 xx 000 0 und d | ||
| 020 | _a971-517-039-0 | ||
| 050 | _aComSc QA 76.73 | ||
| 050 | _b.P2T87 1991 | ||
| 245 | _aTurbo pascal : | ||
| 245 | _bversion 6.0 / | ||
| 260 | _aQuezon City : | ||
| 260 | _bForefront Book Comp. Inc., | ||
| 260 | _c1990 | ||
| 300 | _a411 pages : | ||
| 300 | _bill. ; | ||
| 300 | _c22 cm. | ||
| 500 | _aIncludes index. | ||
| 650 | _aPascal (Computer program language). | ||
| 650 | _xTurbo (Computer program language). | ||
| 999 |
_c300822 _d300822 |
||